The Merck manual of geriatrics/ (Record no. 170853)

MARC details
000 -LEADER
fixed length control field 00906nam a22002777a 4500
003 - CONTROL NUMBER IDENTIFIER
control field OSt
005 - DATE AND TIME OF LATEST TRANSACTION
control field 20240722143451.0
008 - FIXED-LENGTH DATA ELEMENTS--GENERAL INFORMATION
fixed length control field 240718b |||||||| |||| 00| 0 eng d
020 ## - INTERNATIONAL STANDARD BOOK NUMBER
International Standard Book Number 0911910662 (hardcover)
040 ## - CATALOGING SOURCE
Original cataloging agency NUST
Language of cataloging eng
Transcribing agency NUST
Modifying agency NUST
Description conventions rda
050 ## - LIBRARY OF CONGRESS CALL NUMBER
Classification number REF GB05 MER
245 ## - TITLE STATEMENT
Title The Merck manual of geriatrics/
250 ## - EDITION STATEMENT
Edition statement Second edition.
260 ## - PUBLICATION, DISTRIBUTION, ETC.
Place of publication, distribution, etc. New Jersey :
Name of publisher, distributor, etc. Merck research Laboratories,
Date of publication, distribution, etc. 1995.
300 ## - PHYSICAL DESCRIPTION
Extent xxxi 1516 pages :
Other physical details Illustrations ;
Dimensions 21 cm.
336 ## - CONTENT TYPE
Source rdamedia
Content type term text
Content type code txt
337 ## - MEDIA TYPE
Source rdamedia
Media type term unmediated
Media type code n
338 ## - CARRIER TYPE
Source rdamedia
Carrier type term volume
Carrier type code nc
504 ## - BIBLIOGRAPHY, ETC. NOTE
Bibliography, etc. note Includes bibliographical references and index.
650 ## - SUBJECT ADDED ENTRY--TOPICAL TERM
Form subdivision Blood pressure
650 ## - SUBJECT ADDED ENTRY--TOPICAL TERM
Form subdivision Geriatrics
700 ## - ADDED ENTRY--PERSONAL NAME
Personal name Abrahams, William B
Relator term Editor
700 ## - ADDED ENTRY--PERSONAL NAME
Personal name Berkow, Robert
Relator term Editor
700 ## - ADDED ENTRY--PERSONAL NAME
Personal name Beers, M. D
Relator term Editior
942 ## - ADDED ENTRY ELEMENTS (KOHA)
Source of classification or shelving scheme Library of Congress Classification
Koha item type Ordinary Loan Books
Edition Second edition.
Classification part GB05MER
Call number prefix GB
Call number suffix MER
Suppress in OPAC No
Holdings
Withdrawn status Lost status Source of classification or shelving scheme Damaged status Not for loan Collection Home library Current library Date acquired Cost, normal purchase price Total Checkouts Full call number Barcode Date last seen Accession number Cost, replacement price Price effective from Koha item type Public note
    LCC     NFIC MEDICAL MEDICAL 07/18/2024 50.00   REF GB05 MER 92004055247 07/18/2024 61029 50.00 07/18/2024 BOOKS Donation